Japan als weltindustriemacht : Japan als exportindustriestaat
সংরক্ষণ করুন:
| প্রধান লেখক: | |
|---|---|
| বিন্যাস: | গ্রন্থ |
| ভাষা: | Undetermined |
| প্রকাশিত: |
Stuttart
Verlag W. Kohlhammer
1953
|
| ট্যাগগুলো: |
ট্যাগ যুক্ত করুন
কোনো ট্যাগ নেই, প্রথমজন হিসাবে ট্যাগ করুন!
|
| Thư viện lưu trữ: | Trung tâm Học liệu Trường Đại học Cần Thơ |
|---|
| LEADER | 00491nam a2200181Ia 4500 | ||
|---|---|---|---|
| 001 | CTU_85779 | ||
| 008 | 210402s9999 xx 000 0 und d | ||
| 082 | |a 330.952 | ||
| 082 | |b S387 | ||
| 100 | |a Schultze, Ernst | ||
| 245 | 0 | |a Japan als weltindustriemacht : | |
| 245 | 0 | |b Japan als exportindustriestaat | |
| 245 | 0 | |c Ernst Schultze | |
| 260 | |a Stuttart | ||
| 260 | |b Verlag W. Kohlhammer | ||
| 260 | |c 1953 | ||
| 904 | |i Năm | ||
| 980 | |a Trung tâm Học liệu Trường Đại học Cần Thơ | ||